[Event "Wch U14"]
[Site "Kemer"]
[Date "2007.11.28"]
[Round "11"]
[White "Lo, Kin Mun Dominic"]
[Black "Komut, Burak"]
[Result "1-0"]
[WhiteElo "2151"]
[BlackElo "1847"]
[PlyCount "83"]
[EventDate "2007.11.18"]
[EventType "swiss"]
[EventRounds "11"]
[EventCountry "TUR"]
[SourceTitle "CBM 121 Extra"]
[Source "ChessBase"]
[SourceDate "2008.01.10"]
[SourceVersion "1"]
[SourceVersionDate "2008.01.10"]
[SourceQuality "1"]

1. e4 c5 2. Nf3 e6 3. c4 a6 4. Nc3 Nc6 5. d4 cxd4 6. Nxd4 Qc7 7. Be3 Nf6 8. a3 Be7 9. Be2 0-0 10. 0-0 b6 11. Rc1 Bb7 12. b4 d6 13. Nd5 Qd8 14. Nxc6 Bxc6 15. Bxb6 Qd7 16. Nxe7+ Qxe7 17. f3 Qb7 18. Bf2 Rfd8 19. Qd4 Qd7 20. Rfd1 d5 21. Bh4 dxe4 22. Bxf6 gxf6 23. Qxd7 Bxd7 24. fxe4 Bc6 25. Rxd8+ Rxd8 26. c5 Ra8 27. Kf2 Kf8 28. Ke3 Ke7 29. Rd1 Bb5 30. a4 Bxa4 31. Ra1 Be8 32. Rxa6 Rb8 33. c6 Rxb4 34. c7 Bd7 35. Ra8 Rb3+ 36. Kd2 Rb2+ 37. Kd1 Rb4 38. Bd3 Rb3 39. Kc2 Rb4 40. Kc3 Rb6 41. c8Q Bxc8 42. Rxc8 1-0

[Event "Wch U14"]
[Site "Kemer"]
[Date "2007.11.22"]
[Round "5"]
[White "Sariyev, Riad"]
[Black "Lo, Kin Mun Dominic"]
[Result "0-1"]
[WhiteElo "1978"]
[BlackElo "2151"]
[PlyCount "158"]
[EventDate "2007.11.18"]
[EventType "swiss"]
[EventRounds "11"]
[EventCountry "TUR"]
[SourceTitle "CBM 121 Extra"]
[Source "ChessBase"]
[SourceDate "2008.01.10"]
[SourceVersion "1"]
[SourceVersionDate "2008.01.10"]
[SourceQuality "1"]

1. e4 c5 2. Nf3 e6 3. d4 cxd4 4. Nxd4 Nf6 5. Nc3 Nc6 6. Nxc6 bxc6 7. Bd3 e5 8. 0-0 Be7 9. b3 0-0 10. Bb2 Qc7 11. Qe2 d6 12. h3 Nd7 13. Rad1 Nc5 14. Bc4 Ne6 15. Bxe6 Bxe6 16. Na4 Rad8 17. c4 f6 18. Nc3 Rfe8 19. Rc1 Bf8 20. Nd5 Qf7 21. Ne3 Qg6 22. Qf3 Qf7 23. Rfd1 Rd7 24. Rd2 Red8 25. Rcd1 g6 26. Ba3 a5 27. Kh1 Be7 28. Kg1 a4 29. bxa4 Bxc4 30. Nxc4 Qxc4 31. Qb3 Qxb3 32. axb3 Kf7 33. Rc1 Rc7 34. Rdc2 Rb7 35. Rxc6 Rxb3 36. R1c3 Rxc3 37. Rxc3 Ra8 38. Rc4 Ra7 39. Bc1 f5 40. f3 Ke6 41. Be3 Ra6 42. Kf2 d5 43. exd5+ Kxd5 44. Rc7 Bb4 45. Rxh7 f4 46. Bc1 Rc6 47. Rd7+ Ke6 48. Rd1 Rc2+ 49. Kg1 Ra2 50. Kf1 g5 51. g4 Ke7 52. Rd3 Ra1 53. Rd1 Ke6 54. Ke2 Rxa4 55. Bd2 Ra2 56. Kd3 Ra3+ 57. Ke2 Bxd2 58. Rxd2 e4 59. fxe4 Rxh3 60. Rd5 Kf6 61. Rd6+ Ke5 62. Rg6 Kxe4 63. Re6+ Kd5 64. Rg6 Re3+ 65. Kf2 Re5 66. Kf3 Kd4 67. Rd6+ Kc4 68. Rc6+ Kd3 69. Rd6+ Kc3 70. Rf6 Re3+ 71. Kf2 Rg3 72. Rc6+ Kd4 73. Rd6+ Ke5 74. Rd8 Rxg4 75. Re8+ Kf6 76. Rf8+ Kg7 77. Ra8 Rg3 78. Ra6 Re3 79. Rd6 Kf7 0-1

[Event "World ol U16 06th"]
[Site "Singapore"]
[Date "2007.08.12"]
[Round "10"]
[White "Lo, Kin Mun Dominic"]
[Black "Ashwath, R."]
[Result "0-1"]
[WhiteElo "2153"]
[BlackElo "2348"]
[PlyCount "150"]
[EventDate "2007.08.05"]
[EventType "team-swiss"]
[EventRounds "10"]
[EventCountry "SIN"]
[SourceTitle "EXT 2008"]
[Source "ChessBase"]
[SourceDate "2007.11.25"]
[SourceVersion "1"]
[SourceVersionDate "2007.11.25"]
[SourceQuality "1"]

1. e4 e5 2. Nf3 Nc6 3. d4 exd4 4. Nxd4 Bc5 5. Nxc6 Qf6 6. Qd2 dxc6 7. Bd3 Ne7 8. Qf4 Be6 9. Nc3 0-0-0 10. Be3 Qxf4 11. Bxf4 h5 12. Ke2 f5 13. Bg5 Rde8 14. Rhe1 Rhf8 15. f4 fxe4 16. Nxe4 Bb6 17. Kd2 Nd5 18. g3 Nb4 19. Bf1 Bf5 20. a3 Nxc2 21. Kxc2 Rxe4 22. Rxe4 Bxe4+ 23. Kc3 Bc5 24. Re1 Bf5 25. Bg2 Bd6 26. Bf3 g6 27. Kd2 Kd7 28. Bg2 a5 29. h3 a4 30. Rh1 Re8 31. Bf3 Be4 32. Bxe4 Rxe4 33. Kd3 Re8 34. Rf1 Rf8 35. Ke4 Be7 36. Bxe7 Kxe7 37. g4 hxg4 38. hxg4 Rh8 39. Rf2 Kf6 40. Rd2 Rh7 41. Rc2 Re7+ 42. Kf3 Re1 43. Rd2 Ke6 44. Kf2 Rb1 45. Kg3 b5 46. Kh4 Kf6 47. Rc2 c5 48. Rxc5 Rxb2 49. Rc6+ Ke7 50. Rxc7+ Kd6 51. Ra7 Rb3 52. Ra6+ Kc5 53. Rxg6 Rxa3 54. f5 Rf3 55. Ra6 a3 56. f6 b4 57. g5 Kb5 58. Ra8 Kc4 59. Kg4 Rf1 60. Kh5 b3 61. g6 b2 62. g7 Rh1+ 63. Kg5 Rg1+ 64. Kh6 b1Q 65. g8Q+ Rxg8 66. Rxg8 a2 67. f7 a1Q 68. Rg4+ Kd5 69. f8Q Qa6+ 70. Kg7 Qb2+ 71. Kh7 Qh2+ 72. Kg8 Qe6+ 73. Qf7 Qb8+ 74. Kg7 Qbe5+ 75. Kg8 Qxf7+ 0-1

[Event "World ol U16 06th"]
[Site "Singapore"]
[Date "2007.08.07"]
[Round "4"]
[White "Sen, Subin"]
[Black "Lo, Kin Mun Dominic"]
[Result "0-1"]
[WhiteElo "2045"]
[BlackElo "2153"]
[PlyCount "100"]
[EventDate "2007.08.05"]
[EventType "team-swiss"]
[EventRounds "10"]
[EventCountry "SIN"]
[SourceTitle "EXT 2008"]
[Source "ChessBase"]
[SourceDate "2007.11.25"]
[SourceVersion "1"]
[SourceVersionDate "2007.11.25"]
[SourceQuality "1"]

1. Nf3 c5 2. c4 Nc6 3. d4 cxd4 4. Nxd4 Nf6 5. g3 g6 6. Bg2 Qb6 7. Nc2 Bg7 8. 0-0 0-0 9. Nc3 d6 10. Rb1 Bf5 11. h3 Rac8 12. e4 Be6 13. b3 Qc7 14. f4 a6 15. f5 Bd7 16. Ne3 b5 17. Ncd5 Qa7 18. Kh1 bxc4 19. bxc4 Nh5 20. Qe1 Be5 21. Nf4 Nf6 22. Nd3 Rb8 23. Rxb8 Rxb8 24. Nxe5 Nxe5 25. g4 Bc6 26. Nd5 Bxd5 27. cxd5 Nd3 28. Qe3 Qxe3 29. Bxe3 Rb4 30. Rd1 Ne5 31. Rd4 Rb1+ 32. Bg1 Nfd7 33. Rd2 Kg7 34. Kh2 Rb4 35. Bd4 g5 36. Kg3 Ra4 37. Kf2 Nf6 38. Bxe5 dxe5 39. Ke3 Ra3+ 40. Ke2 h5 41. Bf3 h4 42. Rb2 Ne8 43. Kf2 Nd6 44. Bg2 Nb5 45. Ke2 Nc3+ 46. Kd2 a5 47. Kc2 Na4 48. Kb1 Nxb2 49. Kxb2 Re3 50. Kc1 Rg3 0-1

[Event "World ol U16 06th"]
[Site "Singapore"]
[Date "2007.08.06"]
[Round "2"]
[White "Lo, Kin Mun Dominic"]
[Black "Chan, Wei Yi Victoria"]
[Result "1-0"]
[WhiteElo "2153"]
[BlackElo "1878"]
[PlyCount "133"]
[EventDate "2007.08.05"]
[EventType "team-swiss"]
[EventRounds "10"]
[EventCountry "SIN"]
[SourceTitle "EXT 2008"]
[Source "ChessBase"]
[SourceDate "2007.11.25"]
[SourceVersion "1"]
[SourceVersionDate "2007.11.25"]
[SourceQuality "1"]

1. e4 c5 2. Nf3 d6 3. d4 cxd4 4. Nxd4 Nf6 5. f3 e5 6. Bb5+ Nbd7 7. Nf5 d5 8. exd5 a6 9. Ba4 b5 10. Bb3 Nc5 11. Ne3 Nxb3 12. axb3 Bc5 13. Nc3 0-0 14. Qd3 Nh5 15. g3 f5 16. Bd2 f4 17. Nf1 Bh3 18. Ne4 Bb6 19. Qe2 Qxd5 20. Bc3 Bd4 21. Bxd4 exd4 22. 0-0-0 Rac8 23. Kb1 Rfe8 24. Rg1 fxg3 25. hxg3 Bf5 26. Ne3 Rxe4 27. fxe4 Qxe4 28. Qxh5 dxe3 29. Ka2 a5 30. Qh4 Qa8 31. Qd4 a4 32. Qd5+ Qxd5 33. Rxd5 axb3+ 34. Ka3 Bxc2 35. Rxb5 Ra8+ 36. Kb4 Ra2 37. Kc3 Ra8 38. Re5 Rc8+ 39. Kd4 Rd8+ 40. Kxe3 Rd3+ 41. Ke2 Rd6 42. Ra1 h6 43. Re3 Rc6 44. Ra8+ Kf7 45. Ra7+ Kf6 46. Rf3+ Kg5 47. Rxg7+ Rg6 48. Rxg6+ Kxg6 49. Rf4 Kg5 50. Ke3 Kg6 51. Rb4 Kg5 52. Rd4 Kf5 53. Kf3 Kg5 54. Rd5+ Kg6 55. Kf4 Kf6 56. Rd6+ Kg7 57. g4 Kh7 58. Kg3 Kg7 59. Kh4 Bg6 60. Rb6 Bc2 61. Kh5 Bd1 62. Rg6+ Kf7 63. Kxh6 Bc2 64. Rb6 Bd1 65. g5 Bc2 66. g6+ Ke7 67. g7 1-0